000 00768nam a2200193 i 4500
001 180426
003 ES-MaACL
005 20230906221106.0
008 120601s1969 sp |||| | spa d
080 _a539.172.5(043.2)
100 1 _aCruz Flor, Andrés.
_9150313
245 1 3 _aLa reacción Kp A 6 Ge V/c
_b: estudio de algunos estados finales de multiplicidad media /
_cpor Andrés Cruz Flor.
260 _aBarcelona :
_bUniversidad de Barcelona, Secretariado de Publicaciones, Intercambio Científico y Extensión Universitaria,
_c1969 (
_fRomargraf)
300 _a15 p. ;
_c24 cm.
502 _aTesis-Universidad Barcelona (Extracto)
650 4 _aReacciones nucleares.
_9150314
710 2 _aUniversidad de Barcelona.
_97141
852 _aES-MaACL
_jE-15362(21)
999 _c180426
_d180426